Countries within 500km of Italy - Statistics

General Stats
  • This quiz has been taken 48 times
  • The average score is 29 of 30
Answers on the Map
Answers color-coded by a green-red scale on the quiz's map according to % correct below.
 
Answer Stats
Answer % Correct
France
100%
Slovakia
100%
Slovenia
100%
Spain
100%
Switzerland
100%
Albania
98%
Algeria
98%
Andorra
98%
Austria
98%
Belgium
98%
Bosnia and Herzegovina
98%
Croatia
98%
Czechia
98%
Germany
98%
Greece
98%
Hungary
98%
Libya
98%
Liechtenstein
98%
Luxembourg
98%
Malta
98%
Montenegro
98%
Poland
98%
Serbia
98%
Tunisia
98%
Vatican City
98%
Bulgaria
95%
Kosovo
95%
North Macedonia
95%
San Marino
95%
Monaco
93%
No matching quizzes found
Score Distribution
Percent of People with Each Score
Percentile by Number Answered
Your Score History
You have not taken this quiz